000 00790nam a2200253 a 4500
001 59213
003 BD-RjUL
005 20211209080715.0
008 161222s1982 enka b 001 0 eng
020 _a0029104807
035 _a(BD-RjUL)59337
040 _aDLC
_cDLC
_dBD-RjUL
_beng
041 _aeng
082 0 0 _a361.973
_223
_bRUR 1982
245 1 0 _aRural social work practice /
_cO. William Farley ... [et al.].
260 _aLondon :
_bCollier Macmillan,
_cc1982.
300 _axiv, 257 p. :
_bill. ;
_c25 cm.
504 _aIncludes bibliographical references and index.
650 0 _aSocial service, Rural
_zUnited States.
_9176114
700 1 _aFarley, O. William,
_d1934-
_9176115
942 _2ddc
_cBK
999 _c59213
_d59213